Managerial behavior : Administration in complex organization

সংরক্ষণ করুন:
গ্রন্থ-পঞ্জীর বিবরন
প্রধান লেখক: Sayles, Leonard R.
বিন্যাস: গ্রন্থ
ভাষা:Undetermined
প্রকাশিত: Huntington Robert E. Krieger Publishing Company 1980
বিষয়গুলি:
ট্যাগগুলো: ট্যাগ যুক্ত করুন
কোনো ট্যাগ নেই, প্রথমজন হিসাবে ট্যাগ করুন!
Thư viện lưu trữ: Trung tâm Học liệu Trường Đại học Cần Thơ
LEADER 00528nam a2200181Ia 4500
001 CTU_78791
008 210402s9999 xx 000 0 und d
082 |a 658.4 
082 |b S275 
100 |a Sayles, Leonard R. 
245 0 |a Managerial behavior : 
245 0 |b Administration in complex organization 
245 0 |c Leonard R. Sayles 
260 |a Huntington 
260 |b Robert E. Krieger Publishing Company 
260 |c 1980 
650 |a Industrial management 
980 |a Trung tâm Học liệu Trường Đại học Cần Thơ